000 00376nam a2200157Ia 4500
008 221030s9999 xx 000 0 und d
020 _a8120324455
041 _aEnglish
082 _a105.23
_bRaj
100 _aR. Mall
245 0 _aFundamentals Of Software Engineering
_cby R. Mall
260 _bPHI
_aNew Delhi
_c2006
300 _a336
650 _aComputers
942 _cBK
999 _c2807
_d2807